• 首页
  • 本馆介绍
  • 公告通知
  • 最新文献
  • 馆藏检索
  • 电子资源
  • 读者荐购
  • 参考咨询
  • CALIS
  • 我的图书馆
  • 登录
  • 详细信息显示
  • 放入我的书架
  • 预约/预借图书
  • 作者相关作品
  • 分类相关作品
  • 丛书相关作品
  • 出版社相关作品

书目信息

  • 表格格式
  • 工作单格式
  • 卡片格式
题名:
藤本树短篇集
    
 
作者: 藤本树 著 ;吴曦 译
分册: 17-21  
出版信息: 北京   中信出版集团股份有限公司  2024.8
页数: 167页
开本: 18cm
丛书名:
单 册:
中图分类: J238.2(313)
科图分类:
主题词: 漫画--连环画--日本--现代
电子资源:
ISBN: 978-7-5217-6123-8
 
 
 
 
 
000 01808nam 2200361 450
001 CAL 012024025697
005 20240319094606.5
010    @a978-7-5217-6123-8@dCNY35.00
099    @aCAL 012024025697
100    @a20240319d2024 em y0chiy0120 ea
101 1  @achi@cjpn
102    @aCN@b110000
105    @aa t 000yy
106    @ar
200 1  @a藤本树短篇集@Ateng ben shu duan pian ji@h17-21@f(日) 藤本树著@g吴曦译
210    @a北京@c中信出版集团股份有限公司@d2024.8
215    @a167页@c图@d18cm
305    @a株式会社集英社通过杭州翻翻文化传媒有限公司授权出版
314    @a藤本树,人气青年漫画家。自幼喜爱绘画,并于高中时期开启了投稿生涯。通过在老年人绘画教室的一角精进技艺考入艺术大学,从而逐步走上职业漫画家道路。凭短篇《恋爱是盲目的》赢得集英社CROWN月度新人奖,随后收获连载《炎拳》的机会并一鸣惊人。后又凭长篇《电锯人》和中篇《蓦然回首》史无前例地卫冕了"这本漫画真厉害!"男性向头名。他的作品题材丰富、风格各异,但始终有一抹奇妙韵味贯穿其中。
327 1  @a庭院里曾有两只鸡. -- 5-40页.@a佐佐木同学接住了子弹. -- 41-81页.@a恋爱是盲目的. -- 82-113页.@a刺客鹿久. -- 114-165页.
330    @a这本书是收录了藤本树17岁至21岁所创作的四部短篇漫画的合集。从这些短篇中,已经能独处年轻版藤本树的超级大脑洞:故事里无数意想不到、各种惊天反转可谓他的看家本领,而且创作上的思路也很是清晰,令人不紧直呼“鬼才”。
517 1  @a庭院里曾有两只鸡@Ating yuan li ceng you liang zhi ji
517 1  @a佐佐木同学接住了子弹@Azuo zuo mu tong xue jie zhu le zi dan
517 1  @a恋爱是盲目的@Alian ai shi mang mu de
517 1  @a刺客鹿久@Aci ke lu jiu
586    @a
606 0  @a漫画@x连环画@y日本@z现代
690    @aJ238.2(313)@v5
701  0 @a藤本树@ATengben Shu@4著
702  0 @a吴曦@AWu Xi@c(日语)@4译
801  0 @aCN@c20250923
905    @a河南城建学院图书馆@dJ238.2@eT425-2@f1
998    @aSZU
    
    藤本树短篇集.17-21/(日) 藤本树著/吴曦译.-北京:中信出版集团股份有限公司,2024.8
    167页:图;18cm
    
    部分内容:庭院里曾有两只鸡. -- 5-40页.;佐佐木同学接住了子弹. -- 41-81页.;恋爱是盲目的. -- 82-113页.;刺客鹿久. -- 114-165页.
    ISBN 978-7-5217-6123-8:CNY35.00
    这本书是收录了藤本树17岁至21岁所创作的四部短篇漫画的合集。从这些短篇中,已经能独处年轻版藤本树的超级大脑洞:故事里无数意想不到、各种惊天反转可谓他的看家本领,而且创作上的思路也很是清晰,令人不紧直呼“鬼才”。
●
相关链接 在E读中查询图书 在当当中查询图书 在豆瓣中查询图书


正题名:藤本树短篇集     索取号:J238.2/T425-2         预约/预借

序号 登录号 条形码 馆藏地/架位号 状态 备注
1 1638028   216380280   社科库309/309社科库 78排3列5层/ [索取号:J238.2/T425-2] 在馆    
河南城建学院图书馆 欢迎您!
大连网信软件有限公司© 版权所有